Thiết kế và sử dụng trò chơi học tập trong dạy học phần văn học để tạo hứng thú học tập cho sinh viên Cao đẳng sư phạm tiểu học : Luận văn Thạc sĩ Khoa học giáo dục. Chuyên ngành Lý luận và Phương pháp dạy học bộ môn Văn và tiếng Việt
Tổng quan và cơ sở lí luận của vấn đề nghiên cứu, thiết kế các trò chơi học tập trong dạy học phần văn học.
Đã lưu trong:
| 主要作者: | |
|---|---|
| 格式: | 图书 |
| 语言: | Undetermined |
| 出版: |
Cần Thơ
Trường Đại học Cần Thơ
2017
|
| 主题: | |
| 标签: |
添加标签
没有标签, 成为第一个标记此记录!
|
| Thư viện lưu trữ: | Trung tâm Học liệu Trường Đại học Cần Thơ |
|---|
| LEADER | 01210nam a2200217Ia 4500 | ||
|---|---|---|---|
| 001 | CTU_224908 | ||
| 008 | 210402s9999 xx 000 0 und d | ||
| 082 | |a 807.11 | ||
| 082 | |b Đ105 | ||
| 100 | |a Nguyễn, Hồng Đan | ||
| 245 | 0 | |a Thiết kế và sử dụng trò chơi học tập trong dạy học phần văn học để tạo hứng thú học tập cho sinh viên Cao đẳng sư phạm tiểu học : | |
| 245 | 0 | |b Luận văn Thạc sĩ Khoa học giáo dục. Chuyên ngành Lý luận và Phương pháp dạy học bộ môn Văn và tiếng Việt | |
| 245 | 0 | |c Nguyễn Hồng Đan ; Nguyễn Lâm Điền (Cán bộ hướng dẫn) | |
| 260 | |a Cần Thơ | ||
| 260 | |b Trường Đại học Cần Thơ | ||
| 260 | |c 2017 | ||
| 520 | |a Tổng quan và cơ sở lí luận của vấn đề nghiên cứu, thiết kế các trò chơi học tập trong dạy học phần văn học. | ||
| 650 | |a Văn học,Literature | ||
| 650 | |x Dạy và học (Cao đẳng),Study and teaching (Higher) | ||
| 910 | |b nthai | ||
| 980 | |a Trung tâm Học liệu Trường Đại học Cần Thơ | ||